[Event "ODJM A 2016"]
[Site "Willingen GER"]
[Date "2016.05.19"]
[Round "7"]
[White "Huber, Marinus"]
[Black "Rose, Luis Stratos"]
[Result "1-0"]
[Termination "normal"]
[Board "56"]
[WhiteElo "1639"]
[BlackElo "1385"]
[PlyCount "119"]
[WhiteFideId "12979856"]
[BlackFideId "12976008"]
[EventCountry "GER"]
[EventRounds "9"]
[EventType "swiss"]
[EventDate "2016.05.14"]

1. e4 g6 2. d4 Bg7 3. c4 d6 4. Nc3 Nf6 5. Nf3 O-O 6. Bd3 e5 7. d5 Nbd7 8. Be3
a5 9. Nd2 Ne8 10. b3 Nc5 11. Bc2 f5 12. f3 f4 13. Bf2 Kh8 14. a3 Bf6 15. O-O h5
16. Rb1 g5 17. b4 Nd7 18. Nb3 axb4 19. axb4 Rg8 20. c5 g4 21. Be1 g3 22. h3 Nf8
23. Na5 Bd7 24. Nxb7 Qc8 25. c6 Bxh3 26. Qe2 Bxg2 27. Kxg2 h4 28. Rh1 Nh7 29.
Na5 Rg6 30. Rh3 Rh6 31. Qf1 Ng5 32. Qh1 Nxh3 33. Qxh3 Bd8 34. Ne2 Qxh3+ 35.
Kxh3 Nf6 36. Ng1 Nh7 37. Kg2 Ng5 38. Nh3 Nxh3 39. Kxh3 Bf6 40. Bd3 Rg6 41. Bf1
Rgg8 42. b5 Rgb8 43. Nc4 Bd8 44. Ba5 Kg7 45. Bg2 Ra7 46. Rb2 Kg6 47. b6 cxb6
48. Bxb6 Bxb6 49. Rxb6 Rxb6 50. Nxb6 Rc7 51. Nc4 Kf6 52. Nxd6 Ke7 53. Nb5 Rc8
54. d6+ Kd8 55. Na7 Ra8 56. c7+ Kd7 57. c8=Q+ Rxc8 58. Nxc8 Kxc8 59. Kxh4 Kd7
60. Kg5 1-0

[Event "ODJM A 2016"]
[Site "Willingen GER"]
[Date "2016.05.19"]
[Round "7"]
[White "Gallasch, Robin"]
[Black "Kublanov, Carolin"]
[Result "1/2-1/2"]
[Termination "normal"]
[Board "57"]
[WhiteElo "1604"]
[BlackElo "1541"]
[PlyCount "129"]
[WhiteFideId "16222423"]
[BlackFideId "12944548"]
[EventCountry "GER"]
[EventRounds "9"]
[EventType "swiss"]
[EventDate "2016.05.14"]

1. d4 d5 2. c4 e6 3. Nc3 Nf6 4. Bg5 Be7 5. e3 O-O 6. Nf3 b6 7. cxd5 exd5 8. Bd3
Bg4 9. O-O c5 10. dxc5 bxc5 11. Be2 Ne4 12. Bxe7 Nxc3 13. Bxd8 Nxd1 14. Bf6
Nxe3 15. fxe3 gxf6 16. Rac1 Nd7 17. Rfd1 Rab8 18. b3 Be6 19. Nh4 Rfc8 20. Bf3
Nb6 21. Rd2 c4 22. b4 Rd8 23. Bd1 Nd7 24. a3 Ne5 25. Be2 Rd6 26. Nf3 Ra6 27.
Rc3 Rab6 28. Nd4 Rd6 29. h3 Rbd8 30. Nb5 R6d7 31. Nd4 Rc8 32. Bf3 Rb8 33. Kf2
a5 34. b5 Nd3+ 35. Kf1 a4 36. Ke2 Nc5 37. Rb2 Nb3 38. g4 Nxd4+ 39. exd4 Rdb7
40. Rb4 Ra7 41. Rc1 Rab7 42. Rcb1 f5 43. b6 fxg4 44. Bxg4 Bxg4+ 45. hxg4 Re8+
46. Kf3 Re6 47. Rb5 Kg7 48. Rxd5 Rbxb6 49. Rxb6 Rxb6 50. Rc5 Rb3+ 51. Ke4 Rxa3
52. Rxc4 Ra1 53. Kd3 a3 54. Kc2 Rg1 55. Kb3 Rxg4 56. Kxa3 Kf6 57. Kb4 Rg5 58.
Rc6+ Ke7 59. Rh6 Rg4 60. Kc3 Rg7 61. Kd3 f6 62. Ke3 Rf7 63. Kf4 Ke6 64. d5+
Kxd5 65. Kf5 1/2-1/2

[Event "ODJM A 2016"]
[Site "Willingen GER"]
[Date "2016.05.19"]
[Round "7"]
[White "Troyke, Jannis"]
[Black "Kast, Larissa"]
[Result "0-1"]
[Termination "normal"]
[Board "58"]
[WhiteElo "1760"]
[BlackElo "1567"]
[PlyCount "58"]
[WhiteFideId "12993115"]
[BlackFideId "24699055"]
[EventCountry "GER"]
[EventRounds "9"]
[EventType "swiss"]
[EventDate "2016.05.14"]

1. e4 e5 2. Nf3 Nc6 3. d4 exd4 4. Bc4 Bc5 5. c3 Nf6 6. e5 d5 7. Bb5 Ne4 8. cxd4
Bb6 9. Nc3 O-O 10. Be3 Nxc3 11. bxc3 f6 12. Bxc6 bxc6 13. exf6 Qxf6 14. O-O Bg4
15. Qa4 Bxf3 16. gxf3 Qg6+ 17. Kh1 Rxf3 18. Rae1 Raf8 19. Qd1 Qe4 20. Bd2 Rxf2+
21. Rxe4 Rxf1+ 22. Qxf1 Rxf1+ 23. Kg2 dxe4 24. Kxf1 Kf7 25. Ke2 Ke6 26. Ke3 Kd5
27. Bc1 Kc4 28. Kxe4 Kxc3 29. Be3 Kb2 0-1

[Event "ODJM A 2016"]
[Site "Willingen GER"]
[Date "2016.05.19"]
[Round "7"]
[White "Fischer, Maxi"]
[Black "Diegel, Jonas"]
[Result "1-0"]
[Termination "normal"]
[Board "59"]
[WhiteElo "1640"]
[BlackElo "1678"]
[PlyCount "39"]
[WhiteFideId "24692395"]
[BlackFideId "16206061"]
[EventCountry "GER"]
[EventRounds "9"]
[EventType "swiss"]
[EventDate "2016.05.14"]

1. e4 e6 2. d4 d5 3. e5 c5 4. c3 Nc6 5. Nf3 Qb6 6. a3 a5 7. Be2 Nge7 8. O-O Nf5
9. b3 cxd4 10. cxd4 Nfxd4 11. Be3 Nxe2+ 12. Qxe2 Bc5 13. Bxc5 Qxc5 14. Nbd2 O-O
15. Qd3 Qe7 16. Rfe1 f6 17. Qe3 fxe5 18. Nxe5 Nxe5 19. Qxe5 Rf5 20. Qxf5 1-0

[Event "ODJM A 2016"]
[Site "Willingen GER"]
[Date "2016.05.19"]
[Round "7"]
[White "Schneider, Edward"]
[Black "Wolf, Philipp"]
[Result "0-1"]
[Termination "normal"]
[Board "60"]
[WhiteElo "1651"]
[BlackElo "1592"]
[PlyCount "112"]
[WhiteFideId "16200870"]
[BlackFideId "12958948"]
[EventCountry "GER"]
[EventRounds "9"]
[EventType "swiss"]
[EventDate "2016.05.14"]

1. e4 c5 2. Nf3 e6 3. d4 cxd4 4. Nxd4 Nc6 5. Nb5 d6 6. c4 b6 7. N1c3 Bb7 8. Be2
a6 9. Na3 Nf6 10. Be3 Be7 11. O-O O-O 12. f3 Nd7 13. Qd2 Qc7 14. Rac1 Rfd8 15.
Rfd1 Na7 16. Bf1 Rac8 17. Qf2 Nc6 18. Na4 Nc5 19. Nc3 Qb8 20. Rb1 Nb4 21. Nc2
Nxc2 22. Qxc2 Qa8 23. b4 Nd7 24. Qd2 Bf6 25. Na4 b5 26. cxb5 axb5 27. Nb6 Nxb6
28. Bxb6 Rd7 29. Bxb5 Bc6 30. Bxc6 Rxc6 31. Be3 Bc3 32. Qc2 Bxb4 33. Qb3 Bc5
34. Bxc5 Rxc5 35. Qb8+ Rc8 36. Qxa8 Rxa8 37. Rb6 d5 38. exd5 exd5 39. Rb2 Kf8
40. Rbd2 Ra5 41. Re1 Re7 42. Rxe7 Kxe7 43. Kf2 Kd6 44. f4 Ra3 45. g3 Rc3 46.
Ke2 Kc5 47. Rd3 Rc4 48. Rd2 d4 49. Kd3 Rc3+ 50. Ke2 Kc4 51. Rd1 Rc2+ 52. Rd2
Kc3 53. Rxc2+ Kxc2 54. a4 d3+ 55. Ke3 d2 56. a5 d1=Q 0-1